| Format: | Imagens |
|---|---|
| Matèries: | |
| Localització: | F03269 |
| LEADER | 002890000a22000970004500 | ||
|---|---|---|---|
| 040 | |a IJSN | ||
| 650 | |9 410 |a FOTO | ||
| 852 | |a BIBLIO |b BIBLIO |c F03269 | ||
| 942 | |c IM | ||
| 952 | |0 0 |1 0 |4 0 |7 0 |9 15759 |a BIBLIO |b BIBLIO |c F03269 |d 2012-03-28 |l 0 |p 15759 |r 2012-03-28 00:00:00 |w 2012-03-28 |y IM |w 2012-03-28 | ||
| 999 | |c 14196 |d 14196 | ||